LEADER 01794nam 2200397 450 001 9910132385003321 005 20231021042628.0 010 $a1-4799-2172-6 035 $a(CKB)3460000000126367 035 $a(NjHacI)993460000000126367 035 $a(EXLCZ)993460000000126367 100 $a20231021d2013 uy 0 101 0 $aeng 135 $aur||||||||||| 181 $ctxt$2rdacontent 182 $cc$2rdamedia 183 $acr$2rdacarrier 200 10$a2013 20th International Packet Video Workshop $e(PV 2013) : San Jose, California, USA, 12-13 December 2013 /$fInternational Packet Video Workshop 210 1$aPiscataway, N.J. :$cIEEE,$d2013. 215 $a1 online resource (165 pages) $cillustrations 311 $a1-4799-3930-7 330 $aThe 20th International Packet Video Workshop (PV 2013) is devoted to presenting technological advancements and innovations in video and multimedia transmission over packet networks, in particular wireless and Internet networks The workshop provides a unique venue for people from the media coding and networking fields to meet, interact and exchange ideas Its charter is to promote the research and development in both established and emerging areas of video streaming and multimedia networking. 517 $aPacket Video Workshop 606 $aPacket switching (Data transmission)$vCongresses 606 $aDigital communications$vCongresses 606 $aImage transmission$vCongresses 615 0$aPacket switching (Data transmission) 615 0$aDigital communications 615 0$aImage transmission 676 $a004 801 0$bNjHacI 801 1$bNjHacl 906 $aPROCEEDING 912 $a9910132385003321 996 $a2013 20th International Packet Video Workshop$92496359 997 $aUNINA LEADER 03098oam 22005052 450 001 9910901898803321 005 20230619104311.0 010 $a0-262-37669-5 010 $a0-262-37670-9 035 $a(CKB)28853327200041 035 $a(OCoLC)1373614648 035 $a(OCoLC-P)1373614648 035 $a(MaCbMITP)14601 035 $a(EXLCZ)9928853327200041 100 $a20230304d2023 uy 0 101 0 $aeng 135 $aur||||||||||| 181 $ctxt$2rdacontent 182 $cc$2rdamedia 183 $acr$2rdacarrier 200 00$aAcademic star wars $eexcellence initiatives in global perspective /$fedited by Maria Yudkevich, Philip G. Altbach, Jamil Salmi 210 1$aCambridge, Massachusetts :$cThe MIT Press,$d[2023] 215 $a1 online resource 311 08$a9780262546850 327 $aThe context of academic excellence initiatives / Philip G. Altbach, Jamil Salmi, and Maria Yudkevich -- Academic excellence initiatives : the case of China / Rui Yang -- Academic excellence initiatives in Japan : can a series of government interventions make a difference? / Akiyoshi Yonezawa -- Malaysia's quest for excellence in higher education / Chang Da Wan & Tien Hong Lim -- Academic excellence initiatives in the Republic of Korea : Brain Korea 21 / Byung Shik Rhee, Meishan Yin -- Did Taiwan excellence initiatives build world class universities? : governance, funding schemes and policy shifts / Angela Yung Chi Hou -- Academic excellence initiatives : the Danish case / Lise Degn -- Academic excellence a? la Franc?aise : between excellence and equality / Andre?e Sursock -- The long and winding road to excellence : the German case / Torger Mo?ller and Stefan Hornbostel -- A project for the elite which changed the system as a whole : a case study of project 5-100 / Andrey Volkov, Yaroslav Kuzminov, Maria Yudkevich -- The transformative impact of academic excellence initiatives : what have we learned? / Jamil Salmi, Philip G. Altbach, and Maria Yudkevich. 330 $a"This book collects case studies on academic excellence initiatives in nine countries, and provide an analysis of how these initiatives shape higher education within national and international systems. This book updates and expands Altbach & Salmi's 2011 work on AEIs and the political economy of higher education"--$cProvided by publisher. 606 $aEducation, Higher$xAims and objectives$vCase studies 606 $aUniversities and colleges$xResearch$vCase studies 606 $aAcademic achievement$vCase studies 606 $aEducation and globalization$vCase studies 608 $aCase studies.$2lcgft 615 0$aEducation, Higher$xAims and objectives 615 0$aUniversities and colleges$xResearch 615 0$aAcademic achievement 615 0$aEducation and globalization 676 $a378.0072 702 $aYudkevich$b Maria 702 $aAltbach$b Philip G. 702 $aSalmi$b Jamil 801 0$bOCoLC-P 801 1$bOCoLC-P 906 $aBOOK 912 $a9910901898803321 996 $aAcademic star wars$94273490 997 $aUNINA